000 00678nam a2200277Ia 4500
005 20260324145548.0
008 008 260324s9999 xx 000 0 eng d
020 _a9780429261930
037 _aEBOOK
040 _aCRL
040 _beng
040 _cCRL
041 _2eng
041 _aeng
084 _qCRL
100 _aStephen Medcalf; Nicola Coldstream; Marjorie Reeves; David R Starkey
_91223397
245 4 _aThe Later Middle Ages
260 _bTaylor and Francis
260 _c1981
365 _a
365 _b180
856 _uhttp://www.taylorfrancis.com/books/9780429261930
942 _cEBOOK
999 _c1831482
_d1831482